<?xml version="1.0" encoding="UTF-8"?>
<record
    xmlns:xsi="http://www.w3.org/2001/XMLSchema-instance"
    xsi:schemaLocation="http://www.loc.gov/MARC21/slim http://www.loc.gov/standards/marcxml/schema/MARC21slim.xsd"
    xmlns="http://www.loc.gov/MARC21/slim">

  <leader>01865nam a22002777a 4500</leader>
  <controlfield tag="003">DO-SdBNP</controlfield>
  <controlfield tag="005">20210921130839.0</controlfield>
  <controlfield tag="008">2021           dr |||| 00| 0 spa d</controlfield>
  <datafield tag="020" ind1=" " ind2=" ">
    <subfield code="a">9789945586961</subfield>
  </datafield>
  <datafield tag="040" ind1=" " ind2=" ">
    <subfield code="a">BPMSU</subfield>
    <subfield code="b">Spa </subfield>
    <subfield code="c">BPMSU</subfield>
  </datafield>
  <datafield tag="082" ind1=" " ind2=" ">
    <subfield code="a">972.93054 </subfield>
    <subfield code="b">V872r 2020</subfield>
    <subfield code="2">22</subfield>
  </datafield>
  <datafield tag="245" ind1="0" ind2="0">
    <subfield code="a">Voces de la Revoluci&#xF3;n de Abril de 1965 :</subfield>
    <subfield code="b">testimonios </subfield>
    <subfield code="c"> </subfield>
  </datafield>
  <datafield tag="260" ind1=" " ind2=" ">
    <subfield code="a">Santo Domingo :</subfield>
    <subfield code="b">Archivo General de la Naci&#xF3;n, </subfield>
    <subfield code="c">2020</subfield>
  </datafield>
  <datafield tag="300" ind1=" " ind2=" ">
    <subfield code="a">585 p. ;</subfield>
    <subfield code="c">25 cm.</subfield>
  </datafield>
  <datafield tag="490" ind1="0" ind2=" ">
    <subfield code="a">Archivo General de la Naci&#xF3;nj, </subfield>
    <subfield code="v">300</subfield>
  </datafield>
  <datafield tag="500" ind1=" " ind2=" ">
    <subfield code="a">Incluye referencias bibliogr&#xE1;ficas y notas al pie de las p&#xE1;ginas </subfield>
  </datafield>
  <datafield tag="502" ind1=" " ind2=" ">
    <subfield code="a"> </subfield>
  </datafield>
  <datafield tag="504" ind1=" " ind2=" ">
    <subfield code="a">Incluyes datos Bibliograf&#xED;a 571p. - 586 p.  </subfield>
  </datafield>
  <datafield tag="505" ind1="0" ind2=" ">
    <subfield code="a">Presentaci&#xF3;n, Aquiles Castro 9 -- La conspiraci&#xF3;n: inicio del movimiento constitucionalista 17 -- Estalla la revoluci&#xF3;n: primeras horas, primeros d&#xED;as 43 -- Cadetes de la Academia Batalla de Las Carreras y SPM 151 -- Batalla en el puente Duarte 171 -- Intervenci&#xF3;n de los Estados Unidos y ocupaci&#xF3;n 207 -- 26 de abril, asalto a la fortaleza Ozama 225 -- Los comandos 233 -- Combates en la zona norte y Operaci&#xF3;n Limpieza 289 -- Intelectuales y artistas 311 -- Intento de asalto al Palacio Nacional, 19 de mayo 323 -- Combates del 15 y 16 de junio 349 -- El protagonismo de la mujer 373 -- Vida cotidiana 407 -- Partidos pol&#xED;ticos: PRD, PRSC, 1J4, MPD, PSP, PR 467 -- Intentos por extender la insurgencia al interior 487 -- Gesti&#xF3;n diplom&#xE1;tica, asesor&#xED;a y negociaciones 519 -- Final de la guerra 539 -- Ataque al hotel Matum 559 -- &#xCD;ndice onom&#xE1;stico</subfield>
  </datafield>
  <datafield tag="590" ind1=" " ind2=" ">
    <subfield code="6">Inventariado, 2021/VM</subfield>
  </datafield>
  <datafield tag="651" ind1=" " ind2="4">
    <subfield code="a"> Rep&#xFA;blica Dominicana </subfield>
    <subfield code="x">Historia</subfield>
    <subfield code="y">Ocupaci&#xF3;n norteamericana, 1965-1966 |</subfield>
  </datafield>
  <datafield tag="651" ind1=" " ind2="4">
    <subfield code="a"> Rep&#xFA;blica Dominicana </subfield>
    <subfield code="x">Historia</subfield>
    <subfield code="y">Guerra civil, 1965</subfield>
  </datafield>
  <datafield tag="710" ind1="2" ind2=" ">
    <subfield code="a">Archivo General de la Naci&#xF3;n (Rep&#xFA;blica Dominicana)</subfield>
  </datafield>
  <datafield tag="910" ind1=" " ind2=" ">
    <subfield code="a">Mcabrera/ VMateo V. </subfield>
  </datafield>
  <datafield tag="942" ind1=" " ind2=" ">
    <subfield code="2">ddc</subfield>
    <subfield code="c">BK</subfield>
  </datafield>
  <datafield tag="952" ind1=" " ind2=" ">
    <subfield code="0">0</subfield>
    <subfield code="1">0</subfield>
    <subfield code="2">ddc</subfield>
    <subfield code="4">0</subfield>
    <subfield code="7">0</subfield>
    <subfield code="8">CD</subfield>
    <subfield code="a">BPMET</subfield>
    <subfield code="b">BPMET</subfield>
    <subfield code="d">2021-09-21</subfield>
    <subfield code="e">AGN</subfield>
    <subfield code="l">0</subfield>
    <subfield code="o">BPMSU CD 972.93054  V872r 2020</subfield>
    <subfield code="p">BPMSU21090078</subfield>
    <subfield code="r">2021-09-21</subfield>
    <subfield code="w">2021-09-21</subfield>
    <subfield code="y">BK</subfield>
  </datafield>
  <datafield tag="952" ind1=" " ind2=" ">
    <subfield code="0">0</subfield>
    <subfield code="1">0</subfield>
    <subfield code="2">ddc</subfield>
    <subfield code="4">0</subfield>
    <subfield code="7">0</subfield>
    <subfield code="8">CD</subfield>
    <subfield code="a">BPMET</subfield>
    <subfield code="b">BPMET</subfield>
    <subfield code="d">2021-09-21</subfield>
    <subfield code="e">AGN</subfield>
    <subfield code="l">0</subfield>
    <subfield code="o">BPMSU CD 972.93054  V872r 2020</subfield>
    <subfield code="p">BPMSU25110112</subfield>
    <subfield code="r">2025-11-27</subfield>
    <subfield code="t">e.2</subfield>
    <subfield code="w">2021-09-21</subfield>
    <subfield code="y">BK</subfield>
  </datafield>
  <datafield tag="952" ind1=" " ind2=" ">
    <subfield code="0">0</subfield>
    <subfield code="1">0</subfield>
    <subfield code="2">ddc</subfield>
    <subfield code="4">0</subfield>
    <subfield code="7">0</subfield>
    <subfield code="8">CD</subfield>
    <subfield code="a">BPMET</subfield>
    <subfield code="b">BPMET</subfield>
    <subfield code="d">2021-09-21</subfield>
    <subfield code="e">AGN</subfield>
    <subfield code="l">0</subfield>
    <subfield code="o">BPMSU CD 972.93054  V872r 2020</subfield>
    <subfield code="p">BPMSU26020028</subfield>
    <subfield code="r">2026-02-03</subfield>
    <subfield code="t">e.3</subfield>
    <subfield code="w">2021-09-21</subfield>
    <subfield code="y">BK</subfield>
  </datafield>
  <datafield tag="999" ind1=" " ind2=" ">
    <subfield code="c">13620</subfield>
    <subfield code="d">13620</subfield>
  </datafield>
</record>
